| 000 | 00391nam a2200169Ia 4500 | ||
|---|---|---|---|
| 008 | 180424s9999 xx 000 0 und d | ||
| 084 | _aT9 P20 | ||
| 100 | _a"Parthibaraja, K" | ||
| 245 | 0 | _aTamizh Mozhi Arasiyal | |
| 250 | _a\\201000ENGGPSX | ||
| 260 | _aNcbh | ||
| 260 | _b2010 | ||
| 260 | _cChennai | ||
| 300 | _a248p. | ||
| 500 | _aincludes index and biblioraphy | ||
| 942 | _cBK | ||
| 999 |
_c91279 _d91279 |
||